00528nam a22001697a 4500003001100000005001700011008004100028020001500069040003900084041000800123082001300131100002500144245003800169260005100207300008200258650001800340LK-CoMWRAF20231206154621.0230929b1999 |||||||| |||| 00| 0 eng d a0314205616 aLK-CoMWRAFdLK-CoMWRAFeLK-CoMWRAF aeng a900bSPI a Spielvogel, Jackson aWorld history : the human odyssey a Illinois:bNational Text Book Company, c1999 axxviii, [1168]p. : col. ill., col. photos., mapsbGlossary and index included aWORLD HISTORY